[Event "CSS Freestyle 8th"]
[Site "playchess.com"]
[Date "2008.04.12"]
[Round "4"]
[White "Gallenweiler"]
[Black "EnjoyTheSilence"]
[Result "1/2-1/2"]
[WhiteElo "2393"]
[BlackElo "2429"]
[PlyCount "107"]
[EventDate "2008.04.11"]

1. e4 {6} c5 {2} 2. Nf3 {33} d6 {1} 3. d4 {20} cxd4 {2} 4. Nxd4 {4} Nf6 {1} 5.
Nc3 {15} a6 {2} 6. Bc4 {60} e6 {2} 7. Bb3 {15} b5 {35} 8. O-O {65} Be7 {14} 9.
Qf3 {66} Qc7 {11} 10. Qg3 {75} O-O {16} 11. Bh6 {86} Ne8 {12} 12. Rad1 {34} Bd7
{29} 13. Nf3 {201} Nc6 {56} 14. Bf4 {42} Qb7 {47} 15. e5 {148} dxe5 {150} 16.
Nxe5 {67} Nxe5 {16} 17. Bxe5 {13} Bc6 {25} 18. Ne2 {57} Bf6 {66} 19. f4 {92} g6
{102} 20. Nd4 {101} Bxe5 {16} 21. fxe5 {7} Ng7 {19} 22. c3 {79} Rad8 {33} 23.
Qg5 {96} Rd7 {56} 24. Bc2 {129} Bd5 {35} 25. Rf4 {76} Bxa2 {155} 26. b3 {195}
Rc8 {37} 27. Ra1 {Gallenweiler bietet Remis 15} Bxb3 {56} 28. Bxb3 {154} Qb6 {
84} 29. Qh4 {87} Rxc3 {4} 30. Qf2 {88} a5 {21} 31. Rb1 {131} Qc5 {34} 32. Bc2 {
93} b4 {36} 33. Ba4 {4} Rd5 {45} 34. g4 {243} h5 {108} 35. Nc6 {147} hxg4 {22}
36. Qxc5 {154} Rdxc5 {18} 37. Ne7+ {15} Kh7 {15} 38. Rxf7 {3} Rxe5 {32} 39. Nc6
{25} Rec5 {12} 40. Nd8 {33} Kh6 {7} 41. Ra7 {56} Re3 {24} 42. Bb3 {25} g5 {39}
43. Ra6 {59} g3 {17} 44. hxg3 {1} Rxg3+ {18} 45. Kf2 {2} Rgc3 {25} 46. Nxe6 {42
} Nxe6 {33} 47. Rxe6+ {3} Kh5 {35} 48. Bd1+ {133} g4 {21} 49. Re4 {1} Rf5+ {60}
50. Kg2 {27} Rd5 {37} 51. Bxg4+ {53} Kg5 {5} 52. Be2 {40} Kf5 {34} 53. Re8 {15}
Kg6 {33} 54. Kf2 {EnjoyTheSilence offers a draw (Lag: Av=0.36s, max=0.8s) 32}
1/2-1/2

[Event "CSS Freestyle 8th"]
[Site "playchess.com"]
[Date "2008.04.12"]
[Round "4"]
[White "Mikhail Umansky"]
[Black "Lombard1"]
[Result "1-0"]
[WhiteElo "2334"]
[BlackElo "2485"]
[PlyCount "71"]
[EventDate "2008.04.11"]

1. d4 {27} Nf6 {20} 2. c4 {9} e6 {22} 3. g3 {3} Bb4+ {351} 4. Nd2 {20} b6 {33}
5. Bg2 {22} c6 {117} 6. e4 {206} d5 {92} 7. cxd5 {35} exd5 {42} 8. e5 {31} O-O
{375} 9. Ne2 {18} Ne4 {30} 10. O-O {20} Ng5 {48} 11. f4 {249} Nh3+ {17} 12. Kh1
{6} Bf5 {49} 13. Nf3 {313} Be7 {84} 14. Ne1 {185} g5 {210} 15. Nc2 {505} Qc8 {
21} 16. Ne3 {33} g4 {45} 17. Nc3 {33} Bb4 {524} 18. Qe2 {221} Bxc3 {58} 19.
bxc3 {3} Re8 {480} 20. Ba3 {15} a5 {72} 21. Bxh3 {222} gxh3 {14} 22. Qh5 {8}
Be4+ {5} 23. Kg1 {8} Kh8 {211} 24. f5 {90} Rg8 {15} 25. Be7 {96} Nd7 {15} 26.
Rf4 {11} Rg7 {111} 27. Bf6 {13} Qg8 {10} 28. Bxg7+ {58} Qxg7 {12} 29. Ng4 {36}
Rf8 {187} 30. Nh6 {24} Bg2 {9} 31. Re1 {130} c5 {162} 32. f6 {77} Qg6 {44} 33.
Qxg6 {50} hxg6 {43} 34. Rh4 {32} g5 {56} 35. Rh5 {9} Bf3 {40} 36. g4 {
Lombard1 gibt auf (Lag: Av=0.29s, max=0.7s) 7} 1-0

[Event "CSS Freestyle 8th"]
[Site "playchess.com"]
[Date "2008.04.12"]
[Round "4"]
[White "Jcook140"]
[Black "FATTAaMANO"]
[Result "1/2-1/2"]
[WhiteElo "2423"]
[BlackElo "2427"]
[PlyCount "62"]
[EventDate "2008.04.11"]

1. d4 {98} Nf6 {14} 2. c4 {17} e6 {35} 3. Nf3 {48} d5 {35} 4. Bg5 {203} Bb4+ {
62} 5. Nc3 {41} h6 {209} 6. Bxf6 {144} Qxf6 {18} 7. e3 {28} Nc6 {98} 8. Bd3 {
156} dxc4 {27} 9. Bxc4 {20} Bd7 {260} 10. Rc1 {137} O-O-O {412} 11. O-O {27}
Kb8 {23} 12. Qc2 {70} g5 {287} 13. a3 {46} Bf8 {31} 14. Ne4 {411} Qg7 {175} 15.
Bb3 {40} Rc8 {351} 16. Rfd1 {162} Bd6 {182} 17. d5 {144} Ne5 {109} 18. Nd4 {74}
exd5 {42} 19. Bxd5 {17} Be7 {303} 20. Bxb7 {539} Kxb7 {7} 21. f4 {128} gxf4 {
182} 22. exf4 {17} c5 {14} 23. Nb3 {19} Ka8 {118} 24. fxe5 {13} Bf5 {46} 25.
Re1 {158} Qxe5 {102} 26. Qd3 {276} Rhg8 {27} 27. Qf3 {138} Bg4 {10} 28. Qf1 {28
} Qf5 {220} 29. Qxf5 {43} Bxf5 {7} 30. Nexc5 {28} Bd6 {41} 31. Re2 {131} Rgd8 {
Jcook140 offers a draw (Lag: Av=0.35s, max=0.6s) 122} 1/2-1/2

[Event "CSS Freestyle 8th"]
[Site "playchess.com"]
[Date "2008.04.12"]
[Round "4"]
[White "Brf"]
[Black "Maschanska"]
[Result "1/2-1/2"]
[WhiteElo "2424"]
[BlackElo "2415"]
[PlyCount "136"]
[EventDate "2008.04.11"]

1. e4 {3} e5 {11} 2. Nf3 {2} Nc6 {5} 3. Bb5 {2} a6 {8} 4. Ba4 {21} Nf6 {17} 5.
O-O {13} b5 {41} 6. Bb3 {20} Bb7 {19} 7. Re1 {388} Bc5 {15} 8. c3 {15} O-O {11}
9. d4 {29} Bb6 {9} 10. Bg5 {52} h6 {15} 11. Bh4 {7} d6 {14} 12. Qd3 {197} Na5 {
450} 13. Bc2 {21} c5 {10} 14. dxe5 {115} dxe5 {26} 15. Nxe5 {119} Qxd3 {5} 16.
Nxd3 {12} g5 {9} 17. e5 {84} Ne4 {19} 18. Bg3 {4} Rad8 {45} 19. Kf1 {84} Rfe8 {
6} 20. a4 {7} bxa4 {232} 21. Rxa4 {54} Nxg3+ {11} 22. hxg3 {14} Bc6 {8} 23. b4
{59} cxb4 {7} 24. cxb4 {58} Rxd3 {247} 25. bxa5 {78} Rd4 {6} 26. Nc3 {47} Bxa4
{10} 27. Bxa4 {51} Rxa4 {7} 28. Nxa4 {16} Bxa5 {3} 29. Re2 {299} Rc8 {18} 30.
Re4 {6} Kf8 {6} 31. f4 {5} Rc2 {8} 32. f5 {99} h5 {8} 33. g4 {118} h4 {11} 34.
Rd4 {363} Rc1+ {203} 35. Ke2 {92} Re1+ {16} 36. Kf3 {332} Rxe5 {20} 37. Rd6 {10
} Kg7 {14} 38. Rxa6 {12} Bd2 {32} 39. Nb6 {8} Re3+ {72} 40. Kf2 {29} Rg3 {3}
41. Nd5 {54} Rxg4 {12} 42. Nf6 {35} Rd4 {9} 43. Nh5+ {125} Kh8 {16} 44. Ra7 {
186} Kg8 {64} 45. Ra8+ {10} Kh7 {16} 46. Nf6+ {12} Kh6 {22} 47. Ra6 {4} Bf4 {
126} 48. Ne8+ {201} Kh7 {17} 49. Nf6+ {5} Kh8 {56} 50. Ra8+ {81} Kg7 {16} 51.
Nh5+ {2} Kh7 {14} 52. Nf6+ {64} Kh6 {14} 53. Ra6 {3} Rd2+ {346} 54. Kf3 {48}
Rd3+ {6} 55. Ke2 {30} Rd6 {30} 56. Rxd6 {90} Bxd6 {13} 57. Kf3 {1} Bf4 {23} 58.
Ne4 {7} Be5 {18} 59. Kg4 {43} f6 {10} 60. Nf2 {58} Kg7 {14} 61. Kf3 {173} Kf8 {
25} 62. Ke4 {29} Ke7 {11} 63. Kd5 {27} Bd6 {22} 64. Kc6 {38} Bf4 {12} 65. Kd5 {
38} Be5 {27} 66. Ng4 {18} Bc3 {22} 67. Kc6 {14} Ba5 {20} 68. Kd5 {33} Bb4 {
Maschanska bietet Remis (Lag: Av=0.19s, max=1.2s) 12} 1/2-1/2

[Event "CSS Freestyle 8th"]
[Site "playchess.com"]
[Date "2008.04.12"]
[Round "4"]
[White "Icy45"]
[Black "Flyingfatman"]
[Result "1/2-1/2"]
[WhiteElo "2476"]
[BlackElo "2532"]
[PlyCount "94"]
[EventDate "2008.04.11"]

1. Nf3 {6} g6 {136} 2. e4 {8} c5 {73} 3. c3 {6} Bg7 {44} 4. d4 {7} cxd4 {31} 5.
cxd4 {8} d5 {5} 6. e5 {7} Bg4 {32} 7. Nbd2 {132} Nc6 {89} 8. h3 {95} Bf5 {21}
9. Be2 {101} Qb6 {43} 10. Nb3 {230} Nb4 {33} 11. O-O {45} Nc2 {134} 12. Rb1 {42
} Nb4 {2} 13. Be3 {60} Bxb1 {102} 14. Qxb1 {22} e6 {42} 15. Nc5 {85} Ne7 {149}
16. Rc1 {48} Rb8 {251} 17. Bd2 {219} Nbc6 {8} 18. b4 {83} a6 {111} 19. a4 {135}
Rc8 {23} 20. Qa1 {182} Qa7 {289} 21. Qb2 {113} Nb8 {7} 22. b5 {103} b6 {33} 23.
Nxa6 {24} Rxc1+ {62} 24. Qxc1 {25} O-O {11} 25. Qa3 {355} Rc8 {412} 26. Nb4 {7}
Bf8 {41} 27. g4 {23} Nd7 {133} 28. Bd3 {9} Ra8 {69} 29. Bc2 {28} Qc7 {29} 30.
Kg2 {28} Rc8 {40} 31. Bd3 {41} Kg7 {134} 32. Qa1 {72} Kg8 {105} 33. h4 {24} h6
{137} 34. Na6 {200} Qd8 {52} 35. a5 {38} Kg7 {98} 36. h5 {22} g5 {7} 37. Ng1 {
144} Ra8 {150} 38. Nh3 {92} Kg8 {68} 39. Qe1 {184} Bg7 {103} 40. f4 {117} gxf4
{10} 41. Nxf4 {149} Kh8 {27} 42. Kg3 {107} Kg8 {103} 43. Kh3 {51} Nc8 {86} 44.
Nb4 {14} bxa5 {28} 45. Nc6 {13} Qf8 {20} 46. Qg3 {14} Kh8 {19} 47. Bc2 {125} a4
{Icy45 offers a draw (Lag: Av=0.23s, max=0.6s) 25} 1/2-1/2

[Event "CSS Freestyle 8th"]
[Site "playchess.com"]
[Date "2008.04.12"]
[Round "4"]
[White "Rajlich"]
[Black "Death_cap"]
[Result "1/2-1/2"]
[WhiteElo "2586"]
[BlackElo "2430"]
[PlyCount "68"]
[EventDate "2008.04.11"]

1. e4 {6} c5 {85} 2. Nf3 {5} d6 {4} 3. d4 {7} cxd4 {2} 4. Nxd4 {6} Nf6 {3} 5.
Nc3 {4} a6 {8} 6. Be3 {8} e6 {18} 7. f3 {11} b5 {25} 8. Qd2 {11} Nbd7 {15} 9.
g4 {12} h6 {92} 10. O-O-O {16} b4 {485} 11. Na4 {11} d5 {117} 12. exd5 {82}
Nxd5 {8} 13. Bc4 {219} N7f6 {9} 14. h4 {1202} Qc7 {51} 15. Bb3 {773} Bb7 {1276}
16. g5 {18} hxg5 {8} 17. hxg5 {7} Rxh1 {5} 18. Rxh1 {6} Ng4 {27} 19. Bg1 {10}
Ne5 {54} 20. Bh2 {16} g6 {193} 21. Qe2 {956} Bg7 {20} 22. Kb1 {9} Rd8 {' 579}
23. Rd1 {9} Ne7 {96} 24. f4 {234} Ng4 {470} 25. Nxe6 {27} Rxd1+ {4} 26. Qxd1 {6
} fxe6 {10} 27. Qxg4 {11} Qd6 {18} 28. Qe2 {55} Qc6 {11} 29. Qd1 {59} Nf5 {20}
30. Bg1 {27} Bd4 {14} 31. Bxd4 {34} Nxd4 {3} 32. Qe1 {28} Qd6 {10} 33. Qe3 {53}
Qc6 {18} 34. Qh3 {20} Qe4 {Death_cap offers a draw (Lag: Av=0.51s, max=1.8s) 98
} 1/2-1/2

[Event "CSS Freestyle 8th"]
[Site "playchess.com"]
[Date "2008.04.12"]
[Round "4"]
[White "Don Juan"]
[Black "Etaoin Shrdlu"]
[Result "1/2-1/2"]
[WhiteElo "2484"]
[BlackElo "2512"]
[PlyCount "94"]
[EventDate "2008.04.11"]

1. d4 {32} d5 {18} 2. c4 {13} c6 {10} 3. Nf3 {63} Nf6 {14} 4. e3 {24} e6 {40}
5. Nc3 {73} Nbd7 {24} 6. Bd3 {18} dxc4 {10} 7. Bxc4 {4} b5 {8} 8. Bd3 {93} Bb7
{11} 9. Qe2 {48} a6 {524} 10. a4 {624} b4 {23} 11. Ne4 {154} Be7 {64} 12. Nxf6+
{454} Bxf6 {11} 13. Be4 {180} Qc7 {100} 14. O-O {73} c5 {15} 15. Bxb7 {35} Qxb7
{3} 16. Rd1 {67} cxd4 {146} 17. exd4 {55} O-O {15} 18. Bd2 {48} Rac8 {233} 19.
b3 {252} Rfd8 {23} 20. h3 {110} h6 {Don Juan ofrece tablas 182} 21. Rdc1 {157}
Be7 {9} 22. Rxc8 {16} Rxc8 {7} 23. Rc1 {5} Rxc1+ {22} 24. Bxc1 {1} Bd6 {23} 25.
Be3 {87} Qc6 {62} 26. Nd2 {6} Nf6 {17} 27. Qc4 {33} Qa8 {302} 28. Nf3 {42} Nd5
{44} 29. Ne5 {48} a5 {44} 30. Nc6 {30} f6 {45} 31. h4 {122} g5 {248} 32. h5 {
193} Kg7 {439} 33. Bd2 {39} Bc7 {57} 34. Kf1 {35} Qf8 {166} 35. g3 {107} Bb6 {
253} 36. Ke2 {111} Qf7 {62} 37. g4 {16} Qb7 {25} 38. Qb5 {88} Qc7 {11} 39. Kd3
{13} Kf8 {3} 40. Ke2 {21} Kg7 {115} 41. Kd3 {38} Qd7 {35} 42. Qc4 {73} Kf7 {247
} 43. Qb5 {13} Kf8 {131} 44. Ke2 {81} f5 {54} 45. gxf5 {6} exf5 {2} 46. Kd3 {71
} Kg7 {39} 47. Bc1 {18} Qe6 {
Etaoin Shrdlu offers a draw (Lag: Av=0.23s, max=0.7s) 161} 1/2-1/2

[Event "CSS Freestyle 8th"]
[Site "playchess.com"]
[Date "2008.04.12"]
[Round "4"]
[White "Stabiloboss"]
[Black "Rybko"]
[Result "1/2-1/2"]
[WhiteElo "2406"]
[BlackElo "2403"]
[PlyCount "86"]
[EventDate "2008.04.11"]

1. e4 {17} e6 {187} 2. d4 {4} d5 {4} 3. Nd2 {29} c5 {106} 4. exd5 {305} Qxd5 {
111} 5. Ngf3 {41} cxd4 {24} 6. Bc4 {18} Qd6 {21} 7. O-O {52} Nf6 {11} 8. Nb3 {
22} Nc6 {8} 9. Nbxd4 {49} Nxd4 {7} 10. Nxd4 {73} a6 {21} 11. Bb3 {294} Qc7 {306
} 12. Qf3 {807} Bd6 {19} 13. h3 {56} O-O {75} 14. Bg5 {14} Nd7 {96} 15. c3 {22}
b5 {107} 16. Bc2 {358} Bb7 {48} 17. Qh5 {18} g6 {64} 18. Qh4 {14} Bd5 {497} 19.
Rfe1 {143} Nc5 {313} 20. Rad1 {72} Rfe8 {222} 21. Re2 {34} Rac8 {153} 22. Nb3 {
105} Na4 {67} 23. Be4 {21} Nb6 {23} 24. Nd4 {75} Bh2+ {69} 25. Kh1 {21} Be5 {4}
26. f4 {286} Bg7 {104} 27. Bxd5 {58} Nxd5 {75} 28. f5 {7} exf5 {124} 29. Rxe8+
{16} Rxe8 {0} 30. Nxf5 {31} Qc5 {30} 31. Nxg7 {40} Kxg7 {0} 32. b4 {327} Qc6 {
161} 33. Qd4+ {10} Nf6 {50} 34. Rf1 {11} Re6 {3} 35. c4 {42} bxc4 {5} 36. a4 {
34} h6 {106} 37. b5 {69} axb5 {71} 38. axb5 {71} Qd6 {59} 39. Bxf6+ {20} Rxf6 {
0} 40. Qc3 {156} g5 {94} 41. Qxc4 {10} Qe5 {15} 42. Qd3 {84} Qc5 {71} 43. Rxf6
{36} Kxf6 {Rybko offers a draw (Lag: Av=0.35s, max=1.6s) 10} 1/2-1/2

[Event "CSS Freestyle 8th"]
[Site "playchess.com"]
[Date "2008.04.12"]
[Round "4"]
[White "Luminarydebris"]
[Black "Olivier EVAN"]
[Result "1-0"]
[WhiteElo "2440"]
[BlackElo "2385"]
[PlyCount "129"]
[EventDate "2008.04.11"]

1. e4 {49} e5 {28} 2. Nf3 {5} Nc6 {49} 3. Bb5 {5} Nf6 {16} 4. O-O {15} Nxe4 {49
} 5. d4 {20} Be7 {51} 6. Qe2 {245} Nd6 {9} 7. Bxc6 {96} bxc6 {0} 8. dxe5 {4}
Nf5 {8} 9. c4 {146} O-O {250} 10. Nc3 {10} Rb8 {102} 11. Rd1 {11} d6 {125} 12.
Bf4 {69} Re8 {2} 13. b3 {6} Bb7 {334} 14. Qd3 {643} Qc8 {231} 15. exd6 {350}
Bxd6 {0} 16. Bxd6 {25} cxd6 {13} 17. Re1 {72} Rxe1+ {56} 18. Rxe1 {0} c5 {1}
19. h3 {192} Qd7 {291} 20. Ng5 {71} g6 {265} 21. Nge4 {50} Qd8 {186} 22. Nd5 {
13} Qa5 {41} 23. Kf1 {121} Rf8 {236} 24. Nef6+ {486} Kg7 {39} 25. g4 {40} Nd4 {
Olivier EVAN propose la nulle 668} 26. Qg3 {20} Bxd5 {9} 27. Nxd5 {25} Qd2 {9}
28. Qxd6 {29} Qd3+ {16} 29. Kg2 {16} Qf3+ {28} 30. Kg1 {8} h5 {2} 31. Re3 {338}
Qd1+ {7} 32. Kg2 {8} Ne2 {4} 33. Qe5+ {15} f6 {7} 34. Qh2 {8} g5 {6} 35. Re7+ {
10} Kg6 {9} 36. Qh1 {123} Qxh1+ {29} 37. Kxh1 {0} Nd4 {4} 38. Rxa7 {27} hxg4 {5
} 39. hxg4 {3} f5 {22} 40. Ra6+ {24} Kg7 {2} 41. gxf5 {13} Rxf5 {4} 42. Ra7+ {
32} Kh6 {11} 43. Kg2 {44} Nf3 {Olivier EVAN propose la nulle 132} 44. a4 {238}
Ne1+ {113} 45. Kg3 {5} Rf3+ {14} 46. Kg4 {4} Rxb3 {2} 47. a5 {24} Ra3 {6} 48.
Re7 {10} Nd3 {7} 49. Re6+ {12} Kg7 {7} 50. a6 {14} Nb2 {9} 51. Kxg5 {80} Nxc4 {
4} 52. Re7+ {10} Kf8 {17} 53. a7 {22} Nb6 {50} 54. Nxb6 {13} Kxe7 {7} 55. a8=Q
{6} Rxa8 {0} 56. Nxa8 {4} Kd6 {1} 57. Nb6 {22} Kc6 {0} 58. Na4 {12} c4 {3} 59.
f4 {10} Kb5 {9} 60. Nc3+ {8} Kb4 {1} 61. Ne2 {13} Kb3 {10} 62. f5 {8} Kc2 {16}
63. Kg4 {9} Kd3 {9} 64. Kf3 {8} Kc2 {10} 65. f6 {
Olivier EVAN abandonne (Lag: Av=1.16s, max=2.4s) 8} 1-0

[Event "CSS Freestyle 8th"]
[Site "playchess.com"]
[Date "2008.04.12"]
[Round "4"]
[White "Juicy J"]
[Black "Revelator"]
[Result "1/2-1/2"]
[WhiteElo "2471"]
[BlackElo "2532"]
[PlyCount "88"]
[EventDate "2008.04.11"]

1. e4 {4} c5 {10} 2. Nf3 {3} d6 {13} 3. d4 {5} cxd4 {4} 4. Nxd4 {5} Nf6 {5} 5.
Nc3 {3} a6 {88} 6. Bc4 {9} e6 {256} 7. O-O {34} b5 {124} 8. Bb3 {15} Be7 {29}
9. Qf3 {45} Qc7 {413} 10. Qg3 {5} O-O {354} 11. Bh6 {36} Ne8 {11} 12. Rad1 {428
} Bf6 {183} 13. Bg5 {897} b4 {94} 14. Nce2 {82} Bxg5 {256} 15. Qxg5 {5} Nf6 {6}
16. Qe3 {953} e5 {240} 17. Nf3 {90} a5 {194} 18. c3 {96} Nbd7 {119} 19. cxb4 {
201} axb4 {4} 20. Ng3 {135} Nc5 {6} 21. Rc1 {64} Qe7 {71} 22. Rfd1 {3} Be6 {247
} 23. Bxe6 {74} Qxe6 {3} 24. Nd2 {229} Ra6 {20} 25. Nc4 {30} Rc8 {150} 26. b3 {
Juicy J offers a draw 32} h5 {188} 27. h4 {18} g6 {13} 28. Rd2 {145} Ng4 {54}
29. Qe2 {3} Qe7 {86} 30. f3 {2} Nf6 {8} 31. Qe3 {19} Ne6 {35} 32. Ne2 {31} Nd7
{77} 33. Rcd1 {83} Ndc5 {222} 34. Qf2 {127} Kh7 {85} 35. Ne3 {56} Qa7 {73} 36.
Nc1 {4} Nd4 {141} 37. Nd5 {Revelator offers a draw 22} Qb7 {98} 38. Rxd4 {65}
exd4 {16} 39. Nf6+ {19} Kh6 {93} 40. Qd2+ {15} Kg7 {2} 41. Qxd4 {3} Ne6 {11}
42. Nxh5+ {125} Kf8 {6} 43. Qh8+ {5} Ke7 {6} 44. Qf6+ {2} Ke8 {
Revelator offers a draw (Lag: Av=23.46s, max=100.9s) 13} 1/2-1/2

[Event "CSS Freestyle 8th"]
[Site "playchess.com"]
[Date "2008.04.12"]
[Round "4"]
[White "Bruckmann"]
[Black "Knilch"]
[Result "1-0"]
[WhiteElo "2375"]
[BlackElo "2482"]
[PlyCount "101"]
[EventDate "2008.04.11"]

1. Nf3 {5} d5 {42} 2. g3 {6} Nf6 {28} 3. Bg2 {7} c6 {19} 4. O-O {12} Bf5 {37}
5. c4 {14} e6 {9} 6. Qb3 {122} Qb6 {14} 7. d3 {31} h6 {50} 8. Qc2 {249} dxc4 {
248} 9. Qxc4 {6} Nbd7 {8} 10. Nbd2 {359} Be7 {49} 11. Qc2 {334} O-O {105} 12.
Nc4 {28} Qa6 {49} 13. Bd2 {156} Rfd8 {158} 14. a4 {171} Nb6 {62} 15. Na5 {157}
Bh7 {23} 16. b4 {62} Nbd5 {50} 17. Qb3 {419} Nd7 {55} 18. e4 {24} N5f6 {25} 19.
Rfc1 {6} Bf8 {356} 20. b5 {442} Qb6 {32} 21. bxc6 {17} Qxb3 {106} 22. Nxb3 {0}
bxc6 {26} 23. Rxc6 {0} Rab8 {586} 24. Rc3 {230} Ng4 {114} 25. Nfd4 {170} Bb4 {
30} 26. Rc7 {110} Bd6 {194} 27. Rcc1 {244} Nge5 {115} 28. Bf1 {7} Nf3+ {140}
29. Nxf3 {23} Rxb3 {7} 30. Be3 {90} a5 {18} 31. Nd4 {98} Rb2 {64} 32. Nc6 {12}
Ra8 {21} 33. Bg2 {56} Ra6 {53} 34. e5 {301} Bf8 {21} 35. Rab1 {10} Rxb1 {41}
36. Rxb1 {0} Bxd3 {39} 37. Rd1 {29} Rxc6 {20} 38. Bxc6 {0} Nxe5 {14} 39. Bb5 {8
} Nf3+ {22} 40. Kg2 {14} Be4 {8} 41. Rd8 {8} f5 {41} 42. Bc5 {23} Ng5+ {23} 43.
Kf1 {8} Nh7 {19} 44. Bb6 {22} Kf7 {30} 45. Bxa5 {13} Be7 {47} 46. Rc8 {13} Nf6
{34} 47. Bc3 {10} Nd5 {35} 48. Be8+ {14} Kg8 {23} 49. Bd4 {3} Kh7 {19} 50. Bf7
{11} Bd6 {211} 51. Bxe6 {Knilch gibt auf (Lag: Av=0.20s, max=0.5s) 27} 1-0

[Event "CSS Freestyle 8th"]
[Site "playchess.com"]
[Date "2008.04.12"]
[Round "4"]
[White "Rentner2"]
[Black "Bushel"]
[Result "1-0"]
[WhiteElo "2610"]
[BlackElo "2445"]
[PlyCount "133"]
[EventDate "2008.04.11"]

1. e4 {4} c5 {36} 2. Nf3 {10} d6 {13} 3. d4 {5} cxd4 {26} 4. Nxd4 {6} Nf6 {9}
5. Nc3 {9} a6 {7} 6. Bg5 {10} Nbd7 {53} 7. Bc4 {72} e6 {30} 8. O-O {25} Qb6 {9}
9. Qd2 {23} Qxb2 {305} 10. Bxe6 {640} fxe6 {4} 11. Nxe6 {2} Kf7 {3} 12. a3 {2}
Kxe6 {778} 13. Rfb1 {6} Qxa1 {4} 14. Rxa1 {5} b5 {342} 15. Nd5 {93} Rb8 {346}
16. Re1 {45} Kf7 {3} 17. Qc3 {3} h6 {92} 18. Bxf6 {4} gxf6 {2} 19. f4 {3} Bg7 {
389} 20. Qf3 {15} Re8 {8} 21. Nc7 {4} Re7 {125} 22. Qb3+ {18} Kf8 {6} 23. Ne6+
{4} Kg8 {5} 24. Nd4+ {3} Kf8 {31} 25. Qd5 {18} Rb6 {80} 26. Nf5 {4} Bb7 {27}
27. Qd1 {4} Ke8 {6} 28. Qh5+ {1091} Kd8 {4} 29. Nxe7 {4} Kxe7 {42} 30. Qg6 {3}
Bf8 {133} 31. Rd1 {4} Bc8 {7} 32. g4 {341} Kd8 {129} 33. h4 {551} Bb7 {186} 34.
g5 {133} hxg5 {163} 35. fxg5 {115} Kc7 {105} 36. Qf7 {311} Rc6 {2} 37. g6 {99}
Rc3 {3} 38. Rd4 {136} Bc6 {8} 39. h5 {142} Bh6 {2} 40. Rd3 {17} Rc5 {212} 41.
Qe6 {7} Bf8 {26} 42. h6 {27} Bxh6 {10} 43. Qxd6+ {7} Kb6 {19} 44. Qe7 {34} Rg5+
{2} 45. Kf1 {20} Kc7 {3} 46. Qd6+ {15} Kb7 {6} 47. Qe6 {28} Kc7 {3} 48. Rc3 {56
} Rc5 {2} 49. Rxc5 {5} Nxc5 {1} 50. Qxf6 {2} Bxe4 {6} 51. Qe5+ {45} Kc6 {93}
52. Qh8 {7} Bc1 {5} 53. g7 {27} Bd5 {2} 54. Qa8+ {4} Kd6 {3} 55. Qxd5+ {21}
Kxd5 {1} 56. g8=Q+ {3} Kc6 {2} 57. Qg6+ {14} Kc7 {3} 58. Qg7+ {13} Kc6 {2} 59.
Qf6+ {8} Kd5 {1} 60. Qf3+ {10} Ne4 {2} 61. Ke2 {23} Kd4 {21} 62. Qd3+ {21} Ke5
{24} 63. c4 {8} bxc4 {5} 64. Qxc4 {9} Bf4 {7} 65. Qxa6 {26} Nc5 {' 281} 66. Qb5
{20} Kd4 {48} 67. Qb4+ {Bushel resigns (Lag: Av=0.30s, max=1.8s) 18} 1-0

[Event "CSS Freestyle 8th"]
[Site "playchess.com"]
[Date "2008.04.12"]
[Round "4"]
[White "Mapi"]
[Black "HydraAssasin"]
[Result "1/2-1/2"]
[WhiteElo "2491"]
[BlackElo "2416"]
[PlyCount "117"]
[EventDate "2008.04.11"]

1. d4 {12} d5 {19} 2. c4 {15} e6 {6} 3. Nc3 {21} c6 {13} 4. Nf3 {54} Nf6 {9} 5.
e3 {77} Nbd7 {12} 6. Bd3 {57} dxc4 {14} 7. Bxc4 {7} b5 {20} 8. Bd3 {14} Bb7 {10
} 9. O-O {44} a6 {7} 10. e4 {45} c5 {9} 11. d5 {14} c4 {11} 12. dxe6 {116} fxe6
{9} 13. Bc2 {15} Qc7 {8} 14. Qe2 {212} Bd6 {20} 15. Nd4 {127} Nc5 {9} 16. f4 {5
} e5 {7} 17. Nf5 {56} O-O {9} 18. Rd1 {189} Nd3 {9} 19. Nxd6 {51} Qxd6 {10} 20.
Bxd3 {3} cxd3 {6} 21. Rxd3 {16} Qc7 {10} 22. Rf3 {272} Rae8 {97} 23. a3 {22}
exf4 {93} 24. Bxf4 {13} Qc6 {26} 25. Bg3 {318} Nxe4 {102} 26. Nxe4 {10} Rxe4 {
68} 27. Rxf8+ {223} Kxf8 {9} 28. Rf1+ {42} Kg8 {45} 29. Qf2 {75} h6 {38} 30.
Qf8+ {Mapi bietet Remis 462} Kh7 {13} 31. Qf5+ {14} Qg6 {40} 32. Qxg6+ {15}
Kxg6 {284} 33. Rf2 {45} Re1+ {142} 34. Rf1 {9} Re6 {116} 35. Rf2 {60} h5 {136}
36. Rd2 {31} Bc6 {182} 37. Rc2 {36} Ba8 {235} 38. Rd2 {63} Kf5 {92} 39. Bf2 {56
} g6 {83} 40. Bc5 {38} a5 {123} 41. Kf2 {36} Rc6 {67} 42. b4 {38} axb4 {121}
43. axb4 {4} Re6 {138} 44. g3 {25} Bc6 {68} 45. h4 {37} Bb7 {24} 46. Rd7 {18}
Bh1 {53} 47. Rd8 {Mapi bietet Remis 33} Ra6 {47} 48. Rf8+ {57} Kg4 {66} 49. Be7
{43} Bb7 {81} 50. Rf4+ {16} Kh3 {12} 51. Rf6 {5} Rxf6+ {15} 52. Bxf6 {1} Kg4 {
13} 53. Bg5 {6} Kf5 {22} 54. Ke3 {19} Ke5 {25} 55. Bf4+ {4} Kd5 {16} 56. Bg5 {
10} Bc6 {28} 57. Kf4 {13} Bd7 {30} 58. Bf6 {10} Bg4 {27} 59. Be7 {
Mapi bietet Remis (Lag: Av=0.87s, max=3.7s) 10} 1/2-1/2

[Event "CSS Freestyle 8th"]
[Site "playchess.com"]
[Date "2008.04.12"]
[Round "4"]
[White "Badbishop1"]
[Black "Voyage"]
[Result "1/2-1/2"]
[WhiteElo "2361"]
[BlackElo "2379"]
[PlyCount "107"]
[EventDate "2008.04.11"]

1. e4 {4} c5 {7} 2. Nf3 {3} Nc6 {32} 3. Nc3 {59} d6 {48} 4. d4 {31} cxd4 {5} 5.
Nxd4 {9} Nf6 {11} 6. Bg5 {37} Qb6 {44} 7. Nf3 {46} Qxb2 {285} 8. Bd2 {128} Qb6
{136} 9. Rb1 {45} Qd8 {12} 10. Bd3 {111} g6 {168} 11. O-O {69} Bg7 {38} 12. Nd5
{10} O-O {260} 13. Qc1 {164} b6 {192} 14. Bh6 {236} Bb7 {217} 15. Bxg7 {37}
Kxg7 {5} 16. Nxf6 {71} exf6 {9} 17. Qf4 {128} Rc8 {72} 18. Rfe1 {112} Qe7 {43}
19. Qg3 {114} Rfd8 {569} 20. c3 {99} Kg8 {147} 21. Bf1 {216} Qc7 {155} 22. Rbd1
{47} Ne5 {393} 23. Nd4 {63} a6 {3} 24. Re3 {187} d5 {44} 25. exd5 {5} Rxd5 {6}
26. Qh4 {79} Kg7 {38} 27. a4 {559} Rcd8 {283} 28. Qg3 {122} Ra5 {227} 29. Rde1
{215} Bc8 {78} 30. Re4 {136} Bd7 {14} 31. f4 {47} Ng4 {46} 32. Re7 {16} Qc8 {88
} 33. Be2 {73} Nh6 {9} 34. Bd1 {15} Re8 {28} 35. Rxe8 {72} Bxe8 {4} 36. Re4 {
141} Bd7 {4} 37. Qd3 {41} Nf5 {24} 38. Nxf5+ {30} Bxf5 {4} 39. Rc4 {5} Qe8 {173
} 40. Qe2 {3} Qd7 {43} 41. Rd4 {9} Qc7 {8} 42. Qe8 {16} Qxc3 {30} 43. Rd8 {10}
Qc5+ {3} 44. Kh1 {8} Qb4 {5} 45. h4 {35} Be4 {5} 46. Kh2 {24} Rd5 {19} 47. Qh8+
{15} Kh6 {7} 48. Rxd5 {4} Bxd5 {3} 49. Qxf6 {2} Qd2 {23} 50. Qg5+ {7} Kg7 {3}
51. Qe5+ {3} Kh6 {31} 52. Qg5+ {6} Kg7 {2} 53. Qe5+ {4} Kh6 {13} 54. Qg5+ {
(Lag: Av=0.36s, max=0.9s) 18} 1/2-1/2